Statistics for 大阪市の24区(地図付き)

Click here to take the quiz!

General Stats

  • This quiz has been taken 952 times
  • The average score is 16 of 24

Answers on the Map

Answers color-coded by a green-red scale on the quiz's map according to % correct below.
 

Answer Stats

Answer% Correct
北区
95%
西区
95%
中央区
86%
淀川区
81%
天王寺区
81%
西成区
77%
東淀川区
77%
此花区
75%
港区
74%
西淀川区
71%
浪速区
71%
大正区
67%
阿倍野区
67%
福島区
66%
東成区
65%
住之江区
64%
住吉区
60%
平野区
58%
鶴見区
58%
城東区
54%
都島区
50%
生野区
49%
東住吉区
48%
旭区
40%

Score Distribution

Percentile by Number Answered

Percent of People with Each Score

Your Score History

You have not taken this quiz